Pakistan Meets Indian Challenge / (Record no. 6950)
[ view plain ]
| 000 -LEADER | |
|---|---|
| fixed length control field | 00574nam a2200217 a 4500 |
| 001 - CONTROL NUMBER | |
| JCCL Control Number | 6950 |
| 003 - CONTROL NUMBER IDENTIFIER | |
| JCCL marc code | BD-JhCC |
| 005 - DATE AND TIME OF LATEST TRANSACTION | |
| control field | 20181112134017.0 |
| 008 - FIXED-LENGTH DATA ELEMENTS--GENERAL INFORMATION | |
| fixed length control field | 180203s1967 p a|||| || | 000 0 eng d |
| 035 ## - SYSTEM CONTROL NUMBER | |
| system control number | (BD-JhCC)6950 |
| 040 ## - CATALOGING SOURCE | |
| Original cataloging agency | BD-JhCC |
| Modifying agency | BD-JhCC |
| 041 ## - LANGUAGE CODE | |
| Language code of Book | eng |
| 082 ## - DEWEY DECIMAL CLASSIFICATION NUMBER | |
| Classification number | 954.04 |
| Author mark and Year | AHM 1967 |
| 100 ## - MAIN ENTRY--PERSONAL NAME | |
| Personal name | Ahmed, Gulzar |
| 245 ## - TITLE STATEMENT | |
| Title | Pakistan Meets Indian Challenge / |
| Statement of responsibility, etc | Gulzar Ahmed, |
| 260 ## - PUBLICATION, DISTRIBUTION, ETC. (IMPRINT) | |
| Place of publication, distribution, etc | Pakistan : |
| Name of publisher, distributor, etc | Al Mukhtar Publishers, |
| Date of publication, distribution, etc | 1967 |
| 300 ## - PHYSICAL DESCRIPTION | |
| Pagination | 226 p. : |
| Dimensions | 22 cm. |
| 650 ## - SUBJECT ADDED ENTRY--TOPICAL TERM | |
| Topical term or geographic name as entry element | India-Pakistan Conflict (1965) / |
| 942 ## - ADDED ENTRY ELEMENTS (KOHA) | |
| Source of classification or shelving scheme | Dewey Decimal Classification |
| Koha item type | Books |
| Koha issues (borrowed), all copies | 2 |
| Source of classification or shelving scheme | Damaged status | Not for loan | Home library | Current library | Shelving location | Date of accession | Total Checkouts | Full call number | Barcode | Date last seen | Date checked out | Copy number | Koha item type |
|---|---|---|---|---|---|---|---|---|---|---|---|---|---|
| Dewey Decimal Classification | JCC Rouf Library | JCC Rouf Library | General Stacks | 02/03/2018 | 1 | 954.04 AHM 1967 | 9578 | 11/11/2018 | 11/11/2018 | C-1 | Books |